| 000 | 01065nam a22002897a 4500 | ||
|---|---|---|---|
| 001 | 6342 | ||
| 003 | FISKH | ||
| 005 | 20250423092848.0 | ||
| 008 | 250423b cb ||||| |||| 00| 0 eng d | ||
| 020 | _a9781550743555 | ||
| 040 |
_aFISKH _beng _cFISKH _dFISKH |
||
| 050 | _aH688 | ||
| 082 | _a599.78 | ||
| 100 | _aHodge, Deborah | ||
| 245 |
_aBears: _bPolar bears, black bears and Grizzly bears / _cWritten by Deborah Hodge ; Illustrated by Pat Stephens |
||
| 250 | _aFirst U.S. edition 1997 | ||
| 260 |
_aToronto : _bKids Cat Press, _c1996. |
||
| 300 |
_a32 pages : _bcolor illustrations ; _c26 cm |
||
| 505 | _aP | ||
| 520 | _aProvides information about the three species of North American bears--polar bears, black bears, and grizzlies--discussing fourteen topics including where they live, how they give birth and raise their cubs, and what they eat. | ||
| 521 | 8 |
_a620
_bLexile IG |
|
| 521 | 8 |
_aP
_bRaz-Plus |
|
| 650 |
_aBlack bear _vAnimals _xBears |
||
| 700 |
_aStephens, Pat _eIllustrator |
||
| 942 |
_2ddc _cBK _n0 |
||
| 999 |
_c6342 _d6342 |
||